000
00298nam a22001337a 4500
008
181205b xxu||||| |||| 00| 0 eng d
020
_a
0852634552
041
_a
eng
080
_a
720
100
_a
41
101
_a
ARK
245
_a
Discovering English Architecture
_c
West,T.W
942
_2
udc
_c
BK
999
_c
52851
_d
52851